Química del medio ambiente y de los recursos naturales
Kaydedildi:
| Yazar: | |
|---|---|
| Materyal Türü: | Kitap |
| Dil: | İspanyolca |
| Baskı/Yayın Bilgisi: |
Santiago
Universidad Católica de Chile
2002
|
| Edisyon: | 1a. ed |
| Seri Bilgileri: | Lecciones
|
| Konular: | |
| Etiketler: |
Etiketle
Etiket eklenmemiş, İlk siz ekleyin!
|
MARC
| LEADER | 00000nam a2200000 a 4500 | ||
|---|---|---|---|
| 001 | UCL7129 | ||
| 003 | CL-VaPUC | ||
| 008 | 040507e20020000CL |||||||||||||||||spa|d | ||
| 020 | |a 9561406314 | ||
| 082 | 0 | 4 | |a 577.14 |b VEG |2 21 |
| 100 | 0 | |a Vega de Kuyper, Juan Carlos |e author |9 484915 | |
| 245 | 1 | 0 | |a Química del medio ambiente y de los recursos naturales |
| 250 | |a 1a. ed | ||
| 300 | |a 405 p | ||
| 942 | |c BK | ||
| 945 | |d 20040507 00:00:00 |a cmena | ||
| 260 | |a Santiago |b Universidad Católica de Chile |c 2002 | ||
| 650 | 0 | |a Medio ambiente |9 257625 | |
| 650 | 7 | |a QUIMICA DEL MEDIO AMBIENTE |2 CL-VaPUC |9 306783 | |
| 650 | 0 | |a Ecología |9 258124 | |
| 650 | 0 | |a Reacciones químicas |9 259438 | |
| 650 | 7 | |a BIOSFERA |2 CL-VaPUC |9 264378 | |
| 650 | 0 | |a Litósfera |9 453836 | |
| 650 | 0 | |a Recursos naturales |9 255232 | |
| 583 | |a last modification |c 20040507 00:00:00 |k Rodrigo Vera | ||
| 490 | 0 | |a Lecciones | |
| 999 | |c 308984 |d 308982 | ||
| 952 | |0 0 |1 0 |4 0 |6 577_140000000000000_VEG_2002 |7 0 |8 A |9 376003 |a BIBAGR |b BIBAGR |d 2019-11-21 |i 4013921 |o 577.14 VEG 2002 |p 4013921 |r 2025-01-20 |w 2019-11-21 |y BK |k AGR | ||
| 952 | |0 0 |1 0 |4 0 |6 577_140000000000000_VEG_2002 |7 0 |8 A |9 376004 |a BIBCUR |b BIBCUR |d 2019-11-21 |i 4056485 |o 577.14 VEG 2002 |p 4056485 |r 2025-04-22 |w 2019-11-21 |y BK |k QUI | ||
| 952 | |0 0 |1 0 |4 0 |6 577_140000000000000_VEG_2002 |7 0 |8 A |9 376005 |a BIBCUR |b BIBCUR |d 2019-11-21 |i 4116399 |o 577.14 VEG 2002 |p 4116399 |r 2025-04-22 |w 2019-11-21 |y BK |k QUI | ||
| 952 | |0 0 |1 0 |4 0 |6 577_140000000000000_VEG_2002 |7 0 |8 A |9 376006 |a BIBCUR |b BIBCUR |d 2019-11-21 |i 4116402 |o 577.14 VEG 2002 |p 4116402 |r 2025-04-22 |w 2019-11-21 |y BK |k QUI | ||
| 952 | |0 0 |1 0 |4 0 |6 577_140000000000000_VEG_2002 |7 0 |8 A |9 376007 |a BIBCUR |b BIBCUR |d 2019-11-21 |i 4116410 |o 577.14 VEG 2002 |p 4116410 |r 2025-04-22 |w 2019-11-21 |y BK |k QUI | ||
| 952 | |0 0 |1 0 |4 0 |6 577_140000000000000_VEG_2002 |7 0 |8 A |9 376008 |a BIBCUR |b BIBCUR |d 2019-11-21 |i 4118456 |o 577.14 VEG 2002 |p 4118456 |r 2025-04-22 |w 2019-11-21 |y BK |k QUI | ||
| 952 | |0 0 |1 0 |4 0 |6 577_140000000000000_VEG_2002 |7 0 |8 A |9 376009 |a BIBCUR |b BIBCUR |d 2019-11-21 |i 4118464 |o 577.14 VEG 2002 |p 4118464 |r 2025-04-22 |w 2019-11-21 |y BK |k QUI | ||
| 952 | |0 0 |1 0 |4 0 |6 577_140000000000000_VEG_2002 |7 0 |8 A |9 376010 |a BIBCUR |b BIBCUR |d 2019-11-21 |i 4118472 |o 577.14 VEG 2002 |p 4118472 |r 2025-04-22 |w 2019-11-21 |y BK |k QUI | ||
| 952 | |0 0 |1 0 |4 0 |6 577_140000000000000_VEG_2002 |7 0 |8 A |9 376011 |a BIBCUR |b BIBCUR |d 2019-11-21 |i 4118480 |o 577.14 VEG 2002 |p 4118480 |r 2025-04-22 |w 2019-11-21 |y BK |k QUI | ||
| 952 | |0 0 |1 0 |4 0 |6 577_140000000000000_VEG_2002 |7 0 |8 A |9 376012 |a BIBCUR |b BIBCUR |d 2019-11-21 |i 4118499 |o 577.14 VEG 2002 |p 4118499 |r 2025-04-22 |w 2019-11-21 |y BK |k QUI | ||
| 952 | |0 0 |1 0 |4 0 |6 577_140000000000000_VEG_2002 |7 0 |8 A |9 376013 |a BIBCUR |b BIBCUR |d 2019-11-21 |i 4118502 |o 577.14 VEG 2002 |p 4118502 |r 2025-04-22 |w 2019-11-21 |y BK |k QUI | ||
| 952 | |0 0 |1 0 |4 0 |6 577_140000000000000_VEG_2002 |7 0 |8 A |9 376014 |a BIBCUR |b BIBCUR |d 2019-11-21 |i 417903K |o 577.14 VEG 2002 |p 417903K |r 2025-04-22 |w 2019-11-21 |y BK |k QUI | ||
| 952 | |0 0 |1 0 |4 0 |6 577_140000000000000_VEG_2002 |7 0 |8 A |9 376015 |a BIBCUR |b BIBCUR |d 2019-11-21 |i 4179048 |o 577.14 VEG 2002 |p 4179048 |r 2025-04-22 |w 2019-11-21 |y BK |k QUI | ||
| 952 | |0 0 |1 0 |4 0 |6 577_140000000000000_VEG_2002 |7 0 |8 A |9 376016 |a BIBCUR |b BIBCUR |d 2019-11-21 |i 4179056 |o 577.14 VEG 2002 |p 4179056 |r 2025-04-22 |w 2019-11-21 |y BK |k QUI | ||
| 952 | |0 0 |1 0 |4 0 |6 577_140000000000000_VEG_2002 |7 0 |8 A |9 376017 |a BIBCUR |b BIBCUR |d 2019-11-21 |i 4179064 |o 577.14 VEG 2002 |p 4179064 |r 2025-04-22 |w 2019-11-21 |y BK |k QUI | ||
| 952 | |0 0 |1 0 |4 0 |6 577_140000000000000_VEG_2002 |7 0 |8 A |9 376019 |a BIBING |b BIBING |d 2019-11-21 |i 4428919 |o 577.14 VEG 2002 |p 4428919 |r 2025-01-20 |w 2019-11-21 |y BK |k GEO | ||
| 952 | |0 0 |1 0 |4 0 |6 577_140000000000000_VEG_2002 |7 0 |8 A |9 376020 |a BIBING |b BIBING |d 2019-11-21 |i 452201K |o 577.14 VEG 2002 |p 452201K |r 2025-01-20 |w 2019-11-21 |y BK |k EIQ | ||